[Event "Bialystok Bieluczyk Memorial-A 1st"]
[Site "Bialystok"]
[Date "2009.06.21"]
[Round "2"]
[White "Buzun, Michal"]
[Black "Pilimon, Zbigniew"]
[Result "1-0"]
[WhiteElo "1888"]
[BlackElo "1776"]
[PlyCount "69"]
[EventDate "2009.06.20"]
[EventType "tourn"]
[EventRounds "9"]
[EventCountry "POL"]
[SourceTitle "EXT 2010"]
[Source "ChessBase"]
[SourceDate "2010.11.25"]
[SourceVersion "1"]
[SourceVersionDate "2010.11.25"]
[SourceQuality "1"]

1. e4 c5 2. Nf3 d6 3. d4 cxd4 4. Qxd4 Nc6 5. Bb5 e5 6. Qd3 Nf6 7. 0-0 Be7 8. Bg5 0-0 9. c4 Bg4 10. Nc3 a6 11. Bxc6 bxc6 12. Rad1 Qc7 13. Bxf6 gxf6 14. Ne2 Bh5 15. Ng3 Bg6 16. Nh4 Rad8 17. Nhf5 Kh8 18. Rd2 Rg8 19. Rfd1 Bf8 20. Qf3 Bxf5 21. Nxf5 Rg6 22. Rd3 h6 23. Qe3 Kh7 24. Qd2 Qc8 25. g3 Qe6 26. b3 h5 27. Nxd6 Rxd6 28. Rxd6 Qh3 29. Rxc6 h4 30. Qd7 Rg4 31. Qxf7+ Rg7 32. Qe6 Rg4 33. Rd7+ Bg7 34. Qf5+ Kh6 35. Rxf6+ 1-0

[Event "Bilaystok Spring op"]
[Site "Bialystok"]
[Date "2009.05.03"]
[Round "6"]
[White "Buzun, Michal"]
[Black "Milewski, Karol"]
[Result "1/2-1/2"]
[WhiteElo "1888"]
[BlackElo "1660"]
[PlyCount "38"]
[EventDate "2009.05.01"]
[EventType "swiss"]
[EventRounds "9"]
[EventCountry "POL"]
[SourceTitle "EXT 2010"]
[Source "ChessBase"]
[SourceDate "2010.11.25"]
[SourceVersion "1"]
[SourceVersionDate "2010.11.25"]
[SourceQuality "1"]

1. e4 c5 2. Nf3 Nc6 3. d4 cxd4 4. Nxd4 Nf6 5. Nc3 d6 6. Bc4 g6 7. f3 Bg7 8. Be3 0-0 9. Qd2 Bd7 10. 0-0-0 Rc8 11. Bb3 Ne5 12. g4 Nc4 13. Bxc4 Rxc4 14. Kb1 a6 15. h4 b5 16. h5 Qc7 17. Qh2 e5 18. Nb3 Be6 19. Bg5 Rc8 1/2-1/2

[Event "Bilaystok Spring op"]
[Site "Bialystok"]
[Date "2009.05.02"]
[Round "4"]
[White "Buzun, Michal"]
[Black "Kostyra, Stanislaw"]
[Result "0-1"]
[WhiteElo "1888"]
[BlackElo "2284"]
[PlyCount "94"]
[EventDate "2009.05.01"]
[EventType "swiss"]
[EventRounds "9"]
[EventCountry "POL"]
[SourceTitle "EXT 2010"]
[Source "ChessBase"]
[SourceDate "2010.11.25"]
[SourceVersion "1"]
[SourceVersionDate "2010.11.25"]
[SourceQuality "1"]

1. c4 e5 2. Nc3 Bb4 3. d3 f5 4. Bd2 Nf6 5. a3 Bxc3 6. Bxc3 d6 7. e3 0-0 8. Be2 c5 9. Bf3 Qe8 10. e4 Nc6 11. Ne2 Qg6 12. Ng3 f4 13. Nf1 Nd4 14. Bxd4 exd4 15. h3 Be6 16. Nh2 h5 17. Qd2 Nd7 18. Kf1 Ne5 19. Bd1 Qf7 20. Nf3 g6 21. b4 Qc7 22. b5 a6 23. Nxe5 dxe5 24. Ba4 Qf7 25. Qc2 f3 26. g3 axb5 27. Bxb5 Ra5 28. a4 Rfa8 29. Qd1 Kg7 30. Ra3 g5 31. Kg1 h4 32. Qd2 Qh5 33. gxh4 Qxh4 34. Kf1 Bxh3+ 35. Ke1 Qg4 36. Kd1 Bg2 37. Bd7 Qf4 38. Qxf4 exf4 39. Rh5 Rh8 40. Rxh8 Kxh8 41. Rb3 Ra7 42. Rb6 Kg7 43. e5 g4 44. Ke1 g3 45. Rf6 Bh3 46. Bf5 Bxf5 47. Rxf5 g2 0-1

[Event "Bilaystok Spring op"]
[Site "Bialystok"]
[Date "2009.05.01"]
[Round "2"]
[White "Buzun, Michal"]
[Black "Grabarczyk, Edmund"]
[Result "1-0"]
[WhiteElo "1888"]
[BlackElo "1580"]
[PlyCount "47"]
[EventDate "2009.05.01"]
[EventType "swiss"]
[EventRounds "9"]
[EventCountry "POL"]
[SourceTitle "EXT 2010"]
[Source "ChessBase"]
[SourceDate "2010.11.25"]
[SourceVersion "1"]
[SourceVersionDate "2010.11.25"]
[SourceQuality "1"]

1. e4 c5 2. Nf3 Nc6 3. d4 cxd4 4. Nxd4 Nf6 5. Nc3 d6 6. f3 g6 7. Be3 Bg7 8. Bc4 0-0 9. Qd2 Re8 10. 0-0-0 Na5 11. Bb3 Bd7 12. g4 Rc8 13. h4 Nxb3+ 14. axb3 Qa5 15. Kb1 Rc7 16. h5 Rec8 17. hxg6 hxg6 18. Bh6 g5 19. Bxg7 Kxg7 20. Qh2 Ng8 21. Nd5 Rc5 22. Nxe7 Qc7 23. Nxg8 Rxc2 24. Qh6+ 1-0

[Event "POL-ch U18"]
[Site "Chotowa"]
[Date "2009.04.04"]
[Round "10"]
[White "Pilarski, Dawid"]
[Black "Buzun, Michal"]
[Result "1/2-1/2"]
[WhiteElo "1828"]
[BlackElo "1924"]
[PlyCount "69"]
[EventDate "2009.03.28"]
[EventType "swiss"]
[EventRounds "11"]
[EventCountry "POL"]
[SourceTitle "EXT 2011"]
[Source "ChessBase"]
[SourceDate "2010.11.26"]
[SourceVersion "1"]
[SourceVersionDate "2010.11.26"]
[SourceQuality "1"]

1. e4 c5 2. Nc3 Nc6 3. d3 g6 4. g3 Bg7 5. Bg2 d6 6. Be3 Rb8 7. Qd2 b5 8. Nge2 b4 9. Nd1 Nd4 10. Nc1 e6 11. 0-0 Ne7 12. c3 bxc3 13. bxc3 Ndc6 14. f4 0-0 15. e5 dxe5 16. Bxc5 Re8 17. fxe5 Nxe5 18. d4 Ba6 19. Re1 Nc4 20. Qf2 Nd5 21. Bxa7 Rb5 22. Nb3 Na5 23. Nc5 Re7 24. a4 Nb3 25. axb5 Nxa1 26. Nxa6 Rxa7 27. Qb2 Nxc3 28. Nxc3 Qxd4+ 29. Kh1 Qxc3 30. Qxc3 Bxc3 31. Rb1 Bd4 32. Nb4 Bb6 33. Na6 Nc2 34. Rc1 Rd7 35. Be4 1/2-1/2

[Event "POL-ch U18"]
[Site "Chotowa"]
[Date "2009.03.28"]
[Round "1"]
[White "Lach, Piotr"]
[Black "Buzun, Michal"]
[Result "1-0"]
[WhiteElo "2115"]
[BlackElo "1924"]
[PlyCount "69"]
[EventDate "2009.03.28"]
[EventType "swiss"]
[EventRounds "11"]
[EventCountry "POL"]
[SourceTitle "EXT 2011"]
[Source "ChessBase"]
[SourceDate "2010.11.26"]
[SourceVersion "1"]
[SourceVersionDate "2010.11.26"]
[SourceQuality "1"]

1. e4 Nc6 2. Nf3 d5 3. exd5 Qxd5 4. Nc3 Qa5 5. Bb5 Bd7 6. a3 e6 7. 0-0 a6 8. Bxc6 Bxc6 9. d4 Bd6 10. Re1 Ne7 11. Ne5 Bxe5 12. dxe5 Nd5 13. Ne4 Nb6 14. Bf4 Bxe4 15. Rxe4 Nd5 16. Bg5 h6 17. Bd2 Qb6 18. Rb1 Qc6 19. Rg4 g6 20. Rh4 0-0-0 21. Qc1 g5 22. Rh3 Nf4 23. Bxf4 gxf4 24. Qxf4 Qxc2 25. Re1 Rd5 26. Rhe3 Qd2 27. Qe4 Rhd8 28. Rb1 Qd1+ 29. Re1 Rd2 30. h3 Qc2 31. Qf4 Re2 32. Rxe2 Qxe2 33. Qxf7 Rd1+ 34. Kh2 Qxe5+ 35. f4 1-0

[Event "POL-ch U20"]
[Site "Bialystok"]
[Date "2009.01.26"]
[Round "9.5"]
[White "Buzun, Michal"]
[Black "Matowicki, Damian"]
[Result "1-0"]
[WhiteElo "1924"]
[BlackElo "100"]
[PlyCount "51"]
[EventDate "2009.01.26"]
[EventType "tourn"]
[EventRounds "9"]
[EventCountry "POL"]
[SourceTitle "EXT 2023"]
[Source "ChessBase"]
[SourceDate "2022.10.05"]
[SourceVersion "1"]
[SourceVersionDate "2022.10.05"]
[SourceQuality "1"]

1. e4 e5 2. Nc3 Nf6 3. Bc4 g6 4. d3 Bg7 5. Nge2 0-0 6. 0-0 d6 7. h3 Kh8 8. f4 Bxh3 9. gxh3 Qd7 10. Kg2 Ng8 11. f5 Nc6 12. Ng3 Nd4 13. Be3 a6 14. Qd2 Ne7 15. f6 Bxf6 16. Rxf6 Ng8 17. Rf2 b5 18. Bb3 f5 19. exf5 gxf5 20. Bxd4 f4 21. Rxf4 exd4 22. Nce4 Qc6 23. Raf1 Rxf4 24. Qxf4 a5 25. Nh5 a4 26. Qf7 1-0

[Event "POL-ch U16"]
[Site "Leba"]
[Date "2008.04.05"]
[Round "10"]
[White "Matuszczyk, Przemyslaw"]
[Black "Buzun, Michal"]
[Result "1/2-1/2"]
[WhiteElo "1975"]
[BlackElo "1858"]
[PlyCount "114"]
[EventDate "2008.03.29"]
[EventType "swiss"]
[EventRounds "11"]
[EventCountry "POL"]
[SourceTitle "CBM 123 Extra"]
[Source "ChessBase"]
[SourceDate "2008.05.06"]
[SourceVersion "1"]
[SourceVersionDate "2008.05.06"]
[SourceQuality "1"]

1. e4 c5 2. Nf3 d6 3. d4 cxd4 4. Nxd4 Nf6 5. Nc3 g6 6. Be3 Bg7 7. f3 0-0 8. Qd2 Nc6 9. 0-0-0 d5 10. exd5 Nxd5 11. Nxc6 bxc6 12. Bd4 e5 13. Bc5 Be6 14. Ne4 Re8 15. h4 Bf8 16. Bxf8 Rxf8 17. g4 Qb6 18. c4 Ne3 19. c5 Nxf1 20. Rdxf1 Qb5 21. b3 f5 22. Ng5 Qxc5+ 23. Kb1 Bd5 24. h5 Rab8 25. Rc1 Qa3 26. Rc3 fxg4 27. hxg6 gxf3 28. Qh2 Qe7 29. Kb2 f2 30. Nf7 Rxf7 31. gxf7+ Qxf7 32. Rf1 Qf4 33. Qxf2 Qxf2+ 34. Rxf2 Rb7 35. Re3 e4 36. Kc3 Rf7 37. Rfe2 Rf3 38. Kd4 Rxe3 39. Rxe3 Kg7 40. Ke5 Kg6 41. Rg3+ Kf7 42. a3 a5 43. b4 axb4 44. axb4 Bc4 45. Kxe4 Kf6 46. Rc3 Bb5 47. Rc5 Kg6 48. Kf4 Kf6 49. Rf5+ Kg6 50. Ke5 Ba4 51. Rf1 Bb5 52. Rg1+ Kf7 53. Kf5 Bd3+ 54. Kg5 Kg7 55. Rc1 Bb5 56. Rc5 Kf7 57. Kf5 Be2 1/2-1/2

[Event "POL-ch U16"]
[Site "Leba"]
[Date "2008.03.30"]
[Round "2"]
[White "Bokiej, Przemyslaw"]
[Black "Buzun, Michal"]
[Result "1-0"]
[WhiteElo "2068"]
[BlackElo "1858"]
[PlyCount "65"]
[EventDate "2008.03.29"]
[EventType "swiss"]
[EventRounds "11"]
[EventCountry "POL"]
[SourceTitle "CBM 123 Extra"]
[Source "ChessBase"]
[SourceDate "2008.05.06"]
[SourceVersion "1"]
[SourceVersionDate "2008.05.06"]
[SourceQuality "1"]

1. e4 c5 2. Nf3 e6 3. d3 d5 4. Nbd2 Nf6 5. g3 Be7 6. Bg2 0-0 7. 0-0 Nc6 8. Re1 b5 9. e5 Nd7 10. Nf1 a5 11. h4 Ba6 12. Bf4 b4 13. h5 a4 14. a3 Bb5 15. Ne3 Rc8 16. Ng4 Nd4 17. Kh2 Qc7 18. Nf6+ Kh8 19. Nxd5 exd5 20. e6 Nxf3+ 21. Bxf3 Qd8 22. exd7 Qxd7 23. h6 g5 24. Be5+ Kg8 25. Bg7 Rfe8 26. Re5 Qd6 27. Rxd5 Qb6 28. Bh5 Red8 29. Qf3 Be8 30. Re5 Rc7 31. Rae1 Qd6 32. Qe4 Rdd7 33. Rxg5 1-0

[Event "Bialystok U20"]
[Site "Bialystok"]
[Date "2008.01.22"]
[Round "3"]
[White "Buzun, Michal"]
[Black "Nasuta, Grzegorz"]
[Result "1-0"]
[WhiteElo "1871"]
[BlackElo "1940"]
[PlyCount "99"]
[EventDate "2008.01.21"]
[EventType "swiss"]
[EventRounds "9"]
[EventCountry "POL"]
[SourceTitle "EXT 2010"]
[Source "ChessBase"]
[SourceDate "2010.11.25"]
[SourceVersion "1"]
[SourceVersionDate "2010.11.25"]
[SourceQuality "1"]

1. e4 c5 2. Nf3 d6 3. d4 cxd4 4. Qxd4 Nf6 5. Bb5+ Bd7 6. Bxd7+ Qxd7 7. c4 Nc6 8. Qe3 g6 9. 0-0 Bg7 10. Nc3 0-0 11. Bd2 Ng4 12. Qe2 Nge5 13. Nxe5 Nxe5 14. b3 Rac8 15. Rac1 Nc6 16. Be3 f5 17. exf5 gxf5 18. Qd2 e5 19. Rfd1 f4 20. Bc5 f3 21. Qg5 Rf6 22. Ne4 Rg6 23. Rxd6 Rxg5 24. Rxd7 Rxg2+ 25. Kh1 b6 26. Be3 h6 27. Rg1 Rxg1+ 28. Kxg1 Kh7 29. Nd6 Rd8 30. Rxd8 Nxd8 31. Ne4 Nc6 32. Nd2 Nd4 33. Bxd4 exd4 34. Nxf3 Kg6 35. Kf1 Kf5 36. Ke2 Kg4 37. b4 h5 38. Ng1 Be5 39. h3+ Kf4 40. Kd3 h4 41. c5 bxc5 42. bxc5 Kf5 43. Nf3 Bf6 44. Nxd4+ Kf4 45. c6 Be5 46. c7 Bxc7 47. Ne6+ Kf3 48. Nxc7 Kg2 49. Ke3 Kxh3 50. Nd5 1-0

[Event "Bialystok U20"]
[Site "Bialystok"]
[Date "2008.01.22"]
[Round "4"]
[White "Wasiluk, Robert"]
[Black "Buzun, Michal"]
[Result "0-1"]
[WhiteElo "1683"]
[BlackElo "1871"]
[PlyCount "140"]
[EventDate "2008.01.21"]
[EventType "swiss"]
[EventRounds "9"]
[EventCountry "POL"]
[SourceTitle "EXT 2010"]
[Source "ChessBase"]
[SourceDate "2010.11.25"]
[SourceVersion "1"]
[SourceVersionDate "2010.11.25"]
[SourceQuality "1"]

1. d4 b6 2. Nf3 Bb7 3. e3 Nf6 4. c4 e6 5. Nc3 d5 6. Bd3 Bd6 7. 0-0 0-0 8. Re1 Nbd7 9. e4 dxe4 10. Nxe4 Be7 11. Bf4 Nxe4 12. Bxe4 Bxe4 13. Rxe4 Nf6 14. Re2 c5 15. dxc5 Bxc5 16. Bg5 h6 17. Qxd8 Rfxd8 18. Bxf6 gxf6 19. Rd2 Rxd2 20. Nxd2 Rd8 21. Ne4 Bd4 22. Rd1 f5 23. Nc3 Kf8 24. Kf1 Ke7 25. Rd3 Bxc3 26. Rxc3 Rd2 27. Rb3 Kd6 28. Rb4 Kc5 29. a3 Rc2 30. b3 a6 31. Ra4 a5 32. b4+ axb4 33. Rxb4 Rxc4 34. Rb3 Rc2 35. g3 b5 36. Kg2 e5 37. h3 e4 38. Kg1 Rd2 39. Rc3+ Kb6 40. Rc8 Ra2 41. Ra8 Kb7 42. Ra5 Kb6 43. Ra8 Kc5 44. Rc8+ Kd4 45. Rb8 Kc5 46. Rc8+ Kb6 47. Re8 Kc6 48. Rb8 Kc5 49. Ra8 Rb2 50. Rc8+ Kd4 51. Re8 Kd3 52. Rb8 Ke2 53. Kg2 Ke1 54. Kg1 Rxf2 55. Rxb5 Rf3 56. Kg2 Rxa3 57. Rxf5 e3 58. Rf1+ Kd2 59. Rb1 Ra6 60. Rb2+ Kc3 61. Rb7 Rf6 62. Rc7+ Kd2 63. Rd7+ Ke1 64. Rd3 Rf2+ 65. Kg1 Ke2 66. Rd7 h5 67. h4 f5 68. Rd5 f4 69. gxf4 Rxf4 70. Rxh5 Rg4+ 0-1

[Event "Bialystok Zamenhof Memorial-A"]
[Site "Bialystok"]
[Date "2007.12.28"]
[Round "4.9"]
[White "Buzun, Michal"]
[Black "Szydlowski, Wiktor"]
[Result "1-0"]
[WhiteElo "1867"]
[BlackElo "1917"]
[PlyCount "65"]
[EventDate "2007.12.27"]
[EventType "swiss"]
[EventRounds "9"]
[EventCountry "POL"]
[SourceTitle "EXT 2023"]
[Source "ChessBase"]
[SourceDate "2022.10.05"]
[SourceVersion "1"]
[SourceVersionDate "2022.10.05"]
[SourceQuality "1"]

1. e4 e5 2. Nc3 Nc6 3. Bc4 Nf6 4. d3 h6 5. h3 Bc5 6. Nge2 0-0 7. Ng3 a6 8. a3 d6 9. Be3 Nd4 10. 0-0 c6 11. Nce2 Nxe2+ 12. Qxe2 Bxe3 13. Qxe3 Qe7 14. f4 exf4 15. Rxf4 d5 16. Bb3 Qe5 17. d4 Qg5 18. Raf1 Nh5 19. Nxh5 Qxh5 20. exd5 cxd5 21. Rxf7 Rxf7 22. Qe8+ Kh7 23. Qxf7 Qg5 24. Qxd5 Qe3+ 25. Kh1 Bxh3 26. gxh3 Qxh3+ 27. Kg1 Qe3+ 28. Kh2 Qe2+ 29. Qg2 Qh5+ 30. Kg1 Qh4 31. c3 Re8 32. Bc2+ Kh8 33. Qg6 1-0

[Event "Warsaw AIG Life rapid 7th"]
[Site "Warsaw"]
[Date "2007.12.15"]
[Round "1"]
[White "Buzun, Michal"]
[Black "Macieja, Bartlomiej"]
[Result "0-1"]
[WhiteElo "1867"]
[BlackElo "2606"]
[PlyCount "70"]
[EventDate "2007.12.15"]
[EventType "swiss (rapid)"]
[EventRounds "13"]
[EventCountry "POL"]
[SourceTitle "CBM 121 Extra"]
[Source "ChessBase"]
[SourceDate "2008.01.10"]
[SourceVersion "1"]
[SourceVersionDate "2008.01.10"]
[SourceQuality "1"]

1. e4 c5 2. Nf3 e6 3. d4 cxd4 4. Nxd4 Nc6 5. Nc3 Qc7 6. Be2 a6 7. 0-0 Nf6 8. Be3 Bb4 9. Nxc6 bxc6 10. f3 d5 11. exd5 cxd5 12. Na4 Bd6 13. Nb6 Bc5 14. Nxa8 Bxe3+ 15. Kh1 Qc6 16. Qd3 Ba7 17. Qa3 Qxa8 18. Bxa6 Bxa6 19. Qxa6 0-0 20. Qd3 Qb7 21. Rab1 e5 22. b4 e4 23. Qe2 Rc8 24. b5 Bb6 25. a4 h6 26. Qd2 e3 27. Qe1 Qa7 28. Ra1 Ba5 29. Qe2 d4 30. Rfd1 Nd5 31. Qd3 Nb4 32. Qf5 Rxc2 33. Rac1 e2 34. Re1 d3 35. Rxc2 Nxc2 0-1

[Event "POL-ch PL+LU U15"]
[Site "Augustow"]
[Date "2007.10.09"]
[Round "2.3"]
[White "Wasiluk, Robert"]
[Black "Buzun, Michal"]
[Result "0-1"]
[WhiteElo "1800"]
[BlackElo "1867"]
[PlyCount "82"]
[EventDate "2007.10.08"]
[EventType "tourn"]
[EventRounds "6"]
[EventCountry "POL"]
[SourceTitle "EXT 2023"]
[Source "ChessBase"]
[SourceDate "2022.10.05"]
[SourceVersion "1"]
[SourceVersionDate "2022.10.05"]
[SourceQuality "1"]

1. d4 d5 2. c4 dxc4 3. e4 e6 4. Bxc4 Nf6 5. Nc3 Bb4 6. Bd3 0-0 7. Nge2 c5 8. dxc5 Bxc5 9. 0-0 e5 10. Na4 Be7 11. f3 Bd7 12. Bc2 b5 13. Nac3 Qb6+ 14. Kh1 Nc6 15. Bb3 Rfd8 16. a3 Rac8 17. Qe1 Na5 18. Nd5 Nxd5 19. Bxd5 Nc4 20. Nc3 b4 21. axb4 Bxb4 22. Bxc4 Rxc4 23. Be3 Bc5 24. Bxc5 Qxc5 25. Qf2 Rd4 26. Ne2 Bb5 27. Nxd4 Bxf1 28. Qxf1 exd4 29. Qd1 d3 30. Qd2 g6 31. Rd1 Kg7 32. Qc3+ Qxc3 33. bxc3 a5 34. Kg1 a4 35. Kf1 a3 36. Ke1 d2+ 37. Ke2 a2 38. h3 Rb8 39. Ra1 Rb1 40. Rxa2 d1Q+ 41. Ke3 Rb3 0-1

[Event "Dabki School-ch"]
[Site "Dabki"]
[Date "2007.08.29"]
[Round "7.3"]
[White "Piechota, Piotr"]
[Black "Buzun, Michal"]
[Result "0-1"]
[WhiteElo "1716"]
[BlackElo "1879"]
[PlyCount "78"]
[EventDate "2007.08.24"]
[EventType "swiss"]
[EventRounds "8"]
[EventCountry "POL"]
[SourceTitle "EXT 2023"]
[Source "ChessBase"]
[SourceDate "2022.10.05"]
[SourceVersion "1"]
[SourceVersionDate "2022.10.05"]
[SourceQuality "1"]

1. d4 d5 2. c4 dxc4 3. e3 Nf6 4. Bxc4 e6 5. Nc3 a6 6. Nf3 c5 7. 0-0 b5 8. Be2 Nc6 9. dxc5 Qxd1 10. Rxd1 Bxc5 11. a3 Bb7 12. b4 Bb6 13. Bb2 0-0 14. h3 Rac8 15. Rac1 Ne7 16. Nd4 Ned5 17. Nxd5 Nxd5 18. Rxc8 Rxc8 19. Bd3 g6 20. Bb1 Nc3 21. Re1 e5 22. Nf3 f6 23. Bc2 Bd5 24. h4 Ne4 25. Rc1 Kf7 26. Ne1 Nd6 27. Rd1 Ke6 28. Kf1 Nc4 29. Bc1 f5 30. Bd3 e4 31. Be2 Ne5 32. Bb2 Nc4 33. Bc1 Bd8 34. g3 Bf6 35. Nc2 Nb2 36. Rd2 Nd3 37. Bxd3 exd3 38. Rxd3 Rxc2 39. Rd1 Bf3 0-1

[Event "Perla Baltyku op-B 3rd"]
[Site "Mielno"]
[Date "2007.06.23"]
[Round "7"]
[White "Ferens, Leszek"]
[Black "Buzun, Michal"]
[Result "1-0"]
[WhiteElo "2016"]
[BlackElo "1858"]
[PlyCount "57"]
[EventDate "2007.06.18"]
[EventType "swiss"]
[EventRounds "9"]
[EventCountry "POL"]
[SourceTitle "EXT 2008"]
[Source "ChessBase"]
[SourceDate "2007.11.25"]
[SourceVersion "1"]
[SourceVersionDate "2007.11.25"]
[SourceQuality "1"]

1. d4 d5 2. c4 dxc4 3. Nf3 Nf6 4. e3 e6 5. Bxc4 a6 6. 0-0 c5 7. Qe2 b5 8. Bb3 Nc6 9. Nc3 cxd4 10. exd4 Nxd4 11. Nxd4 Qxd4 12. Nd5 Nxd5 13. Rd1 Qf6 14. Bxd5 Ra7 15. Bc6+ Bd7 16. Qe3 Rc7 17. Bxd7+ Rxd7 18. Rxd7 Kxd7 19. Qa7+ Ke8 20. Qxa6 Qe5 21. Qc8+ Ke7 22. Be3 Kf6 23. g3 Kf5 24. Rd1 Qxb2 25. Qa8 f6 26. Rd4 Qb1+ 27. Kg2 g5 28. g4+ Kg6 29. Qe8+ 1-0

[Event "POL Academic Cup 2nd"]
[Site "Wroclaw"]
[Date "2007.05.01"]
[Round "5"]
[White "Cagara, Paulina"]
[Black "Buzun, Michal"]
[Result "1-0"]
[WhiteElo "2035"]
[BlackElo "1858"]
[PlyCount "73"]
[EventDate "2007.04.28"]
[EventType "swiss"]
[EventRounds "9"]
[EventCountry "POL"]
[SourceTitle "EXT 2011"]
[Source "ChessBase"]
[SourceDate "2010.11.26"]
[SourceVersion "1"]
[SourceVersionDate "2010.11.26"]
[SourceQuality "1"]

1. e4 c5 2. Nc3 Nc6 3. Bb5 Nd4 4. Bc4 g6 5. Nf3 Bg7 6. Nxd4 cxd4 7. Qf3 Nh6 8. Ne2 0-0 9. h3 Kh8 10. d3 Qb6 11. 0-0 f5 12. Qg3 fxe4 13. dxe4 Nf7 14. Qb3 Qxb3 15. Bxb3 Nd6 16. f3 b6 17. Rd1 e5 18. Bg5 Bf6 19. Bh6 Re8 20. Bd2 Nb7 21. Bd5 Rb8 22. c3 dxc3 23. Nxc3 a6 24. Be3 Nc5 25. b4 Ne6 26. Ne2 b5 27. Ba7 Bb7 28. Bxb8 Rxb8 29. Bxe6 dxe6 30. Rac1 Bg5 31. Rc3 Bd8 32. Rd7 Kg8 33. Rdd3 h6 34. a3 Kf7 35. Rxd8 Rxd8 36. Rc7+ Kf6 37. Rxb7 1-0